[Event "RSA-ch U18/20 Girls"]
[Site "Bloemfontein"]
[Date "2016.03.25"]
[Round "10"]
[White "Raubenheimer, Lize"]
[Black "Alexander, Suedene"]
[Result "1-0"]
[WhiteElo "1139"]
[BlackElo "805"]
[PlyCount "44"]
[EventDate "2016.03.20"]
[EventType "swiss"]
[EventRounds "11"]
[EventCountry "RSA"]
[SourceTitle "CBM 171 Extra"]
[Source "ChessBase"]
[SourceDate "2016.04.26"]
[SourceVersion "1"]
[SourceVersionDate "2016.04.26"]
[SourceQuality "1"]

1. d4 d5 2. e3 Nf6 3. c4 e6 4. Nf3 Nc6 5. c5 a6 6. a3 Be7 7. Nc3 0-0 8. Qc2 h6 9. Bd3 b6 10. b4 bxc5 11. bxc5 a5 12. Be2 Bd7 13. h4 h5 14. Bd3 Qc8 15. Ng5 g6 16. f3 e5 17. Ne2 e4 18. fxe4 dxe4 19. Bc4 Nd8 20. Nf4 Be6 21. Nfxe6 Nxe6 22. Nxe6 Ne8 1-0